Complete the Card - WWE Judgment Day 2003 - Statistics

General Stats
  • This quiz has been taken 286 times
  • The average score is 25 of 35
Answer Stats
Answer % Correct
Triple H
97%
The Big Show
93%
Brock Lesnar
91%
Trish Stratus
89%
Eddie Guerrero
88%
Kane
88%
Christian
85%
Chris Jericho
83%
Booker T
82%
Chris Benoit
82%
Rob Van Dam
82%
John Cena
77%
Shelton Benjamin
77%
Torrie Wilson
76%
Charlie Haas
75%
Jazz
74%
Kevin Nash
74%
Victoria
74%
Tajiri
72%
Sable
71%
Test
68%
Test
68%
Scott Steiner
65%
Rhyno
63%
Jacqueline
62%
Goldust
61%
Lance Storm
61%
Rene Dupree
57%
Sylvain Grenier
55%
Mr. America
52%
Val Venis
48%
Chuck Palumbo
46%
Johnny Stamboli
45%
Spanky
44%
Roddy Piper
40%
No matching quizzes found
Score Distribution
Percent of People with Each Score
Percentile by Number Answered
Your Score History
You have not taken this quiz